[Event "SRB-chT 2nd League"]
[Site "Vrnjacka Banja"]
[Date "2022.11.06"]
[Round "4.1"]
[White "Sturt, Raven M"]
[Black "Balla, Tamas Kristof"]
[Result "1-0"]
[WhiteElo "2463"]
[BlackElo "2313"]
[PlyCount "77"]
[EventDate "2022.11.04"]
[EventType "team-tourn"]
[EventRounds "11"]
[EventCountry "SRB"]
[SourceTitle "CBM 211 Extra"]
[Source "ChessBase"]
[SourceDate "2023.01.31"]
[SourceVersion "1"]
[SourceVersionDate "2023.01.31"]
[SourceQuality "1"]
[WhiteTeam "Sombor"]
[BlackTeam "Senta"]
[WhiteTeamCountry "SRB"]
[BlackTeamCountry "SRB"]

1. e4 c6 2. d4 d5 3. e5 Bf5 4. h4 h5 5. Bd3 Bxd3 6. Qxd3 e6 7. Nf3 Qa5+ 8. Nbd2 Qa6 9. c4 Ne7 10. 0-0 Nf5 11. b3 Be7 12. a4 Nd7 13. Ba3 Bxa3 14. Rxa3 0-0 15. Qc3 Qb6 16. a5 Qd8 17. a6 b6 18. cxd5 cxd5 19. g3 Rc8 20. Qd3 Qe7 21. Ra4 Rc6 22. b4 Rfc8 23. b5 Rc3 24. Qe2 Nf8 25. Rb1 Nh7 26. Kg2 g5 27. hxg5 Nxg5 28. Ra2 Nxf3 29. Nxf3 R8c4 30. Rh1 Ng7 31. Qd2 Kh7 32. Qf4 Rd3 33. Raa1 Kg8 34. Qh6 Rxf3 35. Kxf3 Rxd4 36. Rac1 Qd7 37. Rxh5 Nxh5 38. Rh1 f6 39. Qxh5 1-0

[Event "SRB-chT 2nd League"]
[Site "Vrnjacka Banja"]
[Date "2022.11.05"]
[Round "2.1"]
[White "Sturt, Raven M"]
[Black "Agdelen, Huseyin Can"]
[Result "1/2-1/2"]
[WhiteElo "2463"]
[BlackElo "2416"]
[PlyCount "102"]
[EventDate "2022.11.04"]
[EventType "team-tourn"]
[EventRounds "11"]
[EventCountry "SRB"]
[SourceTitle "CBM 211 Extra"]
[Source "ChessBase"]
[SourceDate "2023.01.31"]
[SourceVersion "1"]
[SourceVersionDate "2023.01.31"]
[SourceQuality "1"]
[WhiteTeam "Sombor"]
[BlackTeam "Novi Sad Vojvodina"]
[WhiteTeamCountry "SRB"]
[BlackTeamCountry "SRB"]

1. d4 d5 2. Nc3 Nf6 3. Bf4 c5 4. e4 Nxe4 5. Nxe4 dxe4 6. dxc5 Qa5+ 7. c3 Qxc5 8. Qa4+ Nc6 9. Qxe4 g6 10. Be3 Qa5 11. Bc4 Bg7 12. Nf3 0-0 13. 0-0 Qf5 14. Bd5 Qxe4 15. Bxe4 Bf5 16. Bxf5 gxf5 17. Rac1 Rfd8 18. b4 Rd3 19. b5 Ne5 20. c4 Nxf3+ 21. gxf3 Bd4 22. Rcd1 Rxd1 23. Rxd1 Bxe3 24. fxe3 Rc8 25. Rc1 Kg7 26. Kf2 Kf6 27. Ke2 b6 28. Kd3 Rd8+ 29. Kc3 e5 30. c5 bxc5 31. a4 f4 32. exf4 Rd4 33. fxe5+ Kxe5 34. Re1+ Kd5 35. Re4 f5 36. Re7 Rxa4 37. Rd7+ Ke5 38. Rxh7 Rb4 39. Rb7 Kf4 40. h4 Kxf3 41. h5 Rh4 42. Rxa7 Rxh5 43. b6 Rh4 44. Ra3 Rh8 45. Kc4+ Ke2 46. Kxc5 f4 47. Kd4 Rb8 48. Rb3 f3 49. Rb2+ Kd1 50. b7 f2 51. Rxf2 Rxb7 1/2-1/2